MARC details
| 000 -LEADER |
| fixed length control field |
03394nam a2200481 i 4500 |
| 001 - CONTROL NUMBER |
| control field |
3306611 |
| 005 - DATE AND TIME OF LATEST TRANSACTION |
| control field |
20220928134935.0 |
| 008 - FIXED-LENGTH DATA ELEMENTS--GENERAL INFORMATION |
| fixed length control field |
220719s2022 enka c 6 000 0 eng d |
| 020 ## - INTERNATIONAL STANDARD BOOK NUMBER |
| International Standard Book Number |
9781838740740 : |
| Terms of availability |
$15.99 |
| 020 ## - INTERNATIONAL STANDARD BOOK NUMBER |
| International Standard Book Number |
1838740740 : |
| Terms of availability |
$15.99 |
| 035 ## - SYSTEM CONTROL NUMBER |
| System control number |
(OCoLC)1333954228 |
| 035 ## - SYSTEM CONTROL NUMBER |
| System control number |
(OCoLC)on1333954228 |
| 035 ## - SYSTEM CONTROL NUMBER |
| System control number |
3283868 |
| 040 ## - CATALOGING SOURCE |
| Original cataloging agency |
PABRO |
| Language of cataloging |
eng |
| Description conventions |
rda |
| Transcribing agency |
PABRO |
| 050 #4 - LIBRARY OF CONGRESS CALL NUMBER |
| Classification number |
PZ7.7.S63 |
| Item number |
Sis 2022 |
| 082 04 - DEWEY DECIMAL CLASSIFICATION NUMBER |
| Classification number |
741.5/973 |
| Edition number |
23 |
| 092 ## - LOCALLY ASSIGNED DEWEY CALL NUMBER (OCLC) |
| Classification number |
junior graphic |
| Item number |
Spaaij |
| 100 1# - MAIN ENTRY--PERSONAL NAME |
| Personal name |
Spaaij, Marlyn, |
| Relator term |
author, |
| -- |
illustrator. |
| 9 (RLIN) |
6455426 |
| 245 10 - TITLE STATEMENT |
| Title |
Sisters of the mist / |
| Statement of responsibility, etc |
Marlyn Spaaij. |
| 250 ## - EDITION STATEMENT |
| Edition statement |
First edition. |
| 264 #1 - Production, Publication, Distribution, Manufacture, and Copyright Notice. |
| Place of production, publication, distribution, manufacture |
London : |
| Name of producer, publisher, distributor, manufacturer |
Flying Eye Books, |
| Date of production, publication, distribution, manufacture, or copyr |
2022. |
| 300 ## - PHYSICAL DESCRIPTION |
| Extent |
133 pages : |
| Other physical details |
color illustrations ; |
| Dimensions |
23 cm |
| 336 ## - Content Type |
| Content type term |
text |
| 337 ## - Media type |
| Media type term |
unmediated |
| 338 ## - Carrier type |
| Carrier type term |
volume |
| 520 ## - SUMMARY, ETC. |
| Summary, etc |
Join Kyra and her sisters as they fight the mysterious forces of the forest, and the challenges of drifting apart with age, perfect for transitional readers aging out of the Hilda Graphic Novel series. "A magical, moving celebration of sisterly bonds." Kirkus Reviews "Beautiful, funny and atmospheric, using magic to capture the shifts in sibling dynamics as an eldest sister becomes a teenager. Full of personality and life." Gillian Goerz, Author of the 'Shirley and Jamila' series Frygea Forest... An ancient and mystical place where trolls lurk in the mossy spaces between tree trunks and changelings scamper about, causing mischief. A place that Kyra and her sisters Margot and Janna return to every year to spend the summer at their grandma s farm: roasting marshmallows, catching frogs and befriending tiny, grumpy root goblins. But this summer is different, and as teenage Margot drifts apart from her sisters, slamming doors and keeping secrets, Kyra starts to worry. When Margot is enticed into the woods by the mysterious figures in the mist, Kyra resolves to do everything in her power to save her sister from danger, even if that means facing the spooky forces within Frygea Forest with just her kid sister for help. In this lively coming-of-age graphic novel, you ll never have to let go of the imagination that keeps you young. And if you re careful, and ever so quiet, you might spot a root goblin marching along the ground, or a glittering alf darting amongst the leaves... |
| 521 1# - TARGET AUDIENCE NOTE |
| Target audience note |
10-14 |
| Source |
Brodart. |
| 521 2# - TARGET AUDIENCE NOTE |
| Target audience note |
5-9 |
| Source |
Brodart. |
| 650 #0 - SUBJECT ADDED ENTRY--TOPICAL TERM |
| Topical term or geographic name as entry element |
Sisters |
| Form subdivision |
Comic books, strips, etc. |
| 9 (RLIN) |
5676299 |
| 650 #0 - SUBJECT ADDED ENTRY--TOPICAL TERM |
| Topical term or geographic name as entry element |
Forests and forestry |
| Form subdivision |
Comic books, strips, etc. |
| 9 (RLIN) |
6371546 |
| 650 #1 - SUBJECT ADDED ENTRY--TOPICAL TERM |
| Topical term or geographic name as entry element |
Brothers and sisters |
| Form subdivision |
Fiction. |
| 9 (RLIN) |
5673852 |
| 650 #1 - SUBJECT ADDED ENTRY--TOPICAL TERM |
| Topical term or geographic name as entry element |
Forests and forestry |
| Form subdivision |
Fiction. |
| 9 (RLIN) |
5673939 |
| 650 #1 - SUBJECT ADDED ENTRY--TOPICAL TERM |
| Topical term or geographic name as entry element |
Graphic novels. |
| 650 #7 - SUBJECT ADDED ENTRY--TOPICAL TERM |
| Topical term or geographic name as entry element |
JUVENILE FICTION / Comics & Graphic Novels / Fantasy. |
| Source of heading or term |
bisacsh |
| 9 (RLIN) |
5739124 |
| 650 #7 - SUBJECT ADDED ENTRY--TOPICAL TERM |
| Topical term or geographic name as entry element |
JUVENILE FICTION / Girls & Women. |
| Source of heading or term |
bisacsh |
| 9 (RLIN) |
5680876 |
| 650 #7 - SUBJECT ADDED ENTRY--TOPICAL TERM |
| Topical term or geographic name as entry element |
JUVENILE FICTION / Comics & Graphic Novels / Fairy Tales, Folklore, Legends & Mythology. |
| Source of heading or term |
bisacsh |
| 9 (RLIN) |
5749560 |
| 655 #7 - INDEX TERM--GENRE/FORM |
| Genre/form data or focus term |
Graphic novels. |
| Source of term |
lcgft |
| 942 ## - ADDED ENTRY ELEMENTS (KOHA) |
| Source of classification or shelving scheme |
Dewey Decimal Classification |
| Koha item type |
BOOK |